Major currents in information system. Vol 5 (Record no. 1929)
[ view plain ]
| 000 -LEADER | |
|---|---|
| fixed length control field | 00456nam a2200157Ia 4500 |
| 008 - FIXED-LENGTH DATA ELEMENTS--GENERAL INFORMATION | |
| fixed length control field | 130318s9999 xx 000 0 und d |
| 020 ## - INTERNATIONAL STANDARD BOOK NUMBER | |
| International Standard Book Number | 9781412922623 |
| 082 ## - DEWEY DECIMAL CLASSIFICATION NUMBER | |
| Classification number | 658.4038011 WIL/M.5 |
| 100 ## - MAIN ENTRY--PERSONAL NAME | |
| Personal name | Willcocks, Leslie P |
| 245 ## - TITLE STATEMENT | |
| Title | Major currents in information system. Vol 5 |
| 260 ## - PUBLICATION, DISTRIBUTION, ETC. | |
| Name of publisher, distributor, etc. | Sage |
| Place of publication, distribution, etc. | London |
| Date of publication, distribution, etc. | 2008 |
| 300 ## - PHYSICAL DESCRIPTION | |
| Extent | 362 |
| 650 ## - SUBJECT ADDED ENTRY--TOPICAL TERM | |
| Topical term or geographic name entry element | INFORMATION SYSTEM |
| 650 ## - SUBJECT ADDED ENTRY--TOPICAL TERM | |
| Topical term or geographic name entry element | SOCIAL AND ORGANIZATIONAL INFORMATION SYSTEMS RESEARCH |
| 700 ## - ADDED ENTRY--PERSONAL NAME | |
| Personal name | Lee, Alen |
| Withdrawn status | Lost status | Source of classification or shelving scheme | Damaged status | Not for loan | Collection code | Home library | Current library | Shelving location | Date acquired | Cost, normal purchase price | Total Checkouts | Full call number | Barcode | Date last seen | Price effective from | Koha item type |
|---|---|---|---|---|---|---|---|---|---|---|---|---|---|---|---|---|
| Dewey Decimal Classification | Knowledge Management/ Management Information System | Kerala University of Digital Sciences, Innovation and Technology Knowledge Centre | Kerala University of Digital Sciences, Innovation and Technology Knowledge Centre | 18/03/2013 | 9045.00 | R 658.4038011 WIL/M.V5 | 1946 | 18/03/2013 | 18/03/2013 | Reference |